Capitais de paises americanos - Statistics

Estatísticas Gerais
  • Esse quiz foi jogado 19 vezes
  • A pontuação média é 8 de 31
Estatísticas das Respostas
Imagem Resposta % Correto
Cidade do panamá
75%
Kingston
75%
Port of spain
75%
Manágua
63%
Belmopã
50%
Castries
50%
Paramaribo
50%
Brasilia
38%
Bridgetown
38%
Kingstown
38%
Roseau
38%
Saint Georges
38%
Assunção
25%
Buenos Aires
25%
Santiago
25%
Cidade da Guatemala
13%
Montevideu
13%
San Salvador
13%
Sucre
13%
Washington DC
13%
Bogotá
0%
Carácas
0%
Cidade do mexico
0%
Georgetown
0%
Havana
0%
Lima
0%
Ottawa
0%
Quito
0%
San José
0%
Santo domingo
0%
Tegucigalpa
0%
Nenhum quiz correspondente encontrado
Distribuição das Pontuações
Porcentagem de Pessoas com Cada Pontuação
Percentil de Números Respondidos
Sua Pontuação Histórica
Você não jogou esse quiz